000 00526nam a2200193Ia 4500
005 20250508151532.0
008 008 250505s9999 xx 000 0 eng d
037 _aTextual
040 _aFEDL
_beng
_cFEDL
041 _aeng
_2eng
084 _a370.95487, MYS
_qFEDL
245 0 _aReport of the committee for educational reform in Mysore
245 0 _cGovernment of Mysore
260 _c1953
300 _a500p.
650 _aEducation
942 _cTEXL
_h370.95487, MYS
999 _c1330445
_d1330445